| 000 | 01476nam a2200361 a 4500 | ||
|---|---|---|---|
| 001 | ebr10670942 | ||
| 003 | CaPaEBR | ||
| 006 | m u | ||
| 007 | cr cn||||||||| | ||
| 008 | 091124s2010 nyua sb 001 0 eng d | ||
| 010 | _z 2009045946 | ||
| 020 | _z9781608766710 (hardcover) | ||
| 020 | _z1608766713 (hardcover) | ||
| 020 | _z9781614700951 (e-book) | ||
| 040 |
_aCaPaEBR _cCaPaEBR |
||
| 035 | _a(OCoLC)756496454 | ||
| 050 | 1 | 4 |
_aHC79.I55 _bI53577 2010eb |
| 082 | 0 | 4 |
_a338.9/26 _222 |
| 245 | 0 | 0 |
_aInformation and communication technologies policies and practices _h[electronic resource] / _cAlmas Heshmati and Sun Peng, editors. |
| 260 |
_aNew York : _bNova Science Publishers, _cc2010. |
||
| 300 |
_axi, 310 p. : _bill. (some col.). |
||
| 490 | 1 | _aMedia and communications--technologies, policies and challenges series | |
| 504 | _aIncludes bibliographical references and index. | ||
| 533 |
_aElectronic reproduction. _bPalo Alto, Calif. : _cebrary, _d2013. _nAvailable via World Wide Web. _nAccess may be limited to ebrary affiliated libraries. |
||
| 650 | 0 |
_aInformation technology _xGovernment policy. |
|
| 650 | 0 | _aTelecommunication policy. | |
| 655 | 7 |
_aElectronic books. _2local |
|
| 700 | 1 | _aHeshmati, Almas. | |
| 700 | 1 | _aPeng, Sun. | |
| 710 | 2 | _aebrary, Inc. | |
| 830 | 0 | _aMedia and communications. | |
| 856 | 4 | 0 |
_uhttp://site.ebrary.com/lib/rucke/Doc?id=10670942 _zAn electronic book accessible through the World Wide Web; click to view |
| 999 |
_c161345 _d161345 |
||